Henry Clay.

Bibliographic Details
Main Author: Schurz, Carl, 1829-1906
Format: Book
Language:English
Published: New York : F. Ungar Pub. Co., [1968]
Series:American classics.
Subjects:

MARC

Tag First Indicator Second Indicator Subfields
LEADER 00000cam a22000001 4500
001 in00000246775
005 20151010051145.0
008 710308r19681915nyu 00000beng
010 |a  68026170  
035 |a (OCoLC)01331678 
035 |9 ABB4501AM 
040 |a DLC  |c DLC  |d TXA  |d UtOrBLW 
049 |a TXAM  |v 1 [917772]  |v 2 [917773] 
050 0 0 |a E340.C6  |b S42 1968 
082 0 |a 973.6/3/0924  |a B 
100 1 |a Schurz, Carl,  |d 1829-1906. 
245 1 0 |a Henry Clay. 
264 1 |a New York :  |b F. Ungar Pub. Co.,  |c [1968] 
300 |a 2 volumes ;  |c 21 cm. 
336 |a text  |b txt  |2 rdacontent 
337 |a unmediated  |b n  |2 rdamedia 
338 |a volume  |b nc  |2 rdacarrier 
490 1 |a American classics 
500 |a Reprint of the 1915 edition. 
500 |a First published under title: Life of Henry Clay. 
600 1 0 |a Clay, Henry,  |d 1777-1852. 
830 0 |a American classics. 
999 |a MARS 
999 f f |s 61421e30-09b5-3cff-9d37-0a2fca6c0586  |i 684587de-406c-30d4-9fa7-de65e6040cd1  |t 0 
952 f f |p ric  |a Texas A&M University  |b Rellis Campus  |c Joint Library Facility  |d Remote Storage  |t 0  |e E340.C6 S42 1968  |h Library of Congress classification  |i unmediated -- volume  |k v.1  |m A14802214262 
952 f f |p ric  |a Texas A&M University  |b Rellis Campus  |c Joint Library Facility  |d Remote Storage  |t 0  |e E340.C6 S42 1968  |h Library of Congress classification  |i unmediated -- volume  |k v.2  |m A14802214270 
998 f f |a E340.C6 S42 1968  |s v.1-v.2  |t 0  |l Remote Storage